000 00616nam a2200181Ia 4500
003 OSt
005 20260328115024.0
008 211028s2010 xx 000 0 und d
040 _cAIMIT LIBRARY
041 _aeng
082 _a658.3 GEOS
100 _aGeoffrey ,Sam;Dhananjay K.
_g816042
_96496
245 _aAnalyzing the market potential for job certification and training programs in Dakshina Kannada and Udupi districts, offered byknowledge varsity Bangalore /
260 _bDhananjay K
_c2010
600 _aHuman Resource Management
_96497
650 _aHuman Resource Management
_96498
942 _2ddc
_cPRO
999 _c218257
_d218257